|
|
|
|
| LEADER |
00000nam0a2200000 4500 |
| 001 |
250496 |
| 005 |
20231101232552.0 |
| 010 |
|
|
|a 9785160052274
|
| 035 |
|
|
|a (RuTPU)RU\TPU\book\272701
|
| 090 |
|
|
|a 250496
|
| 100 |
|
|
|a 20140213d2014 k y0rusy50 ca
|
| 101 |
0 |
|
|a rus
|
| 102 |
|
|
|a RU
|
| 105 |
|
|
|a a z 001zy
|
| 200 |
1 |
|
|a Критериальное управление развитием компании
|e монография
|f В. Н. Верхоглазенко
|
| 210 |
|
|
|a Москва
|c Инфра-М
|d 2014
|
| 215 |
|
|
|a 206 с.
|c ил.
|
| 225 |
1 |
|
|a Научная мысль
|
| 320 |
|
|
|a Библиогр.: с. 199-203.
|
| 330 |
|
|
|a Более чем пятнадцатилетний опыт работы автора в обучающем консультировании и анализ деятельности организаций позволили ему выявить ряд распространенных проблем, сопровождающих любое развитие организации. Автор убедительно доказывает, что наступает время, когда конкуренцию в долгосрочной перспективе выдержат только организации, ориентированные на свое регулярное развитие, компании, которые функционирование рассматривают лишь как временную и вынужденную остановку в развитии. Книга будет интересна всем, кто хочет понять основные законы развития деятельности и разобраться почему столь многие компании гибнут или прозябают на обочине, не справившись с задачами своего развития. Книга отвечает на основной вопрос, как исключать риски в развитии организации и гарантированно опережать своих конкурентов по всем показателям бизнеса.
|
| 606 |
1 |
|
|a Производственный менеджмент
|2 stltpush
|3 (RuTPU)RU\TPU\subj\68602
|9 83809
|
| 610 |
1 |
|
|a компании
|
| 610 |
1 |
|
|a управление
|
| 610 |
1 |
|
|a критериальные уравнения
|
| 610 |
1 |
|
|a изменения
|
| 610 |
1 |
|
|a развивающиеся системы
|
| 610 |
1 |
|
|a стратегическое управление
|
| 610 |
1 |
|
|a командные методы
|
| 610 |
1 |
|
|a консалтинг
|
| 610 |
1 |
|
|a монографии
|
| 686 |
|
|
|a У9(2)29-2
|v LBC/SL-A
|2 rubbk
|
| 700 |
|
1 |
|a Верхоглазенко
|b В. Н.
|g Владимир Николаевич
|
| 801 |
|
1 |
|a RU
|b 63413507
|c 20140213
|
| 801 |
|
2 |
|a RU
|b 63413507
|c 20140506
|g RCR
|
| 942 |
|
|
|c BK
|
| 959 |
|
|
|a 25/20140213
|d 1
|e 299,90
|f ЧЗГЛ:1
|